Dilemmas of Transition. (Record no. 6759)

MARC details
000 -LEADER
fixed length control field 00580nam a22001937a 4500
003 - CONTROL NUMBER IDENTIFIER
control field OSt
005 - DATE AND TIME OF LATEST TRANSACTION
control field 20210209152213.0
008 - FIXED-LENGTH DATA ELEMENTS--GENERAL INFORMATION
fixed length control field 210209b ||||| |||| 00| 0 eng d
020 ## - INTERNATIONAL STANDARD BOOK NUMBER
International Standard Book Number 0714647640
040 ## - CATALOGING SOURCE
Transcribing agency DDC
082 ## - DEWEY DECIMAL CLASSIFICATION NUMBER
Classification number 363.7DIL 1998
100 ## - MAIN ENTRY--PERSONAL NAME
Personal name Edited by Baker,Susan;Jehlicka,petr;
9 (RLIN) 13865
245 ## - TITLE STATEMENT
Title Dilemmas of Transition.
Remainder of title The environment ,Democracy and economic Reforms in East Central Europe;
260 ## - PUBLICATION, DISTRIBUTION, ETC. (IMPRINT)
Place of publication, distribution, etc. London,
Name of publisher, distributor, etc. Frank CASS
Date of publication, distribution, etc. 1998
300 ## - PHYSICAL DESCRIPTION
Extent 214p;
Other physical details ill;
Dimensions 22cm.
504 ## - BIBLIOGRAPHY, ETC. NOTE
Bibliography, etc includes index
650 ## - SUBJECT ADDED ENTRY--TOPICAL TERM
Topical term or geographic name as entry element Development studies
9 (RLIN) 5876
942 ## - ADDED ENTRY ELEMENTS (KOHA)
Source of classification or shelving scheme Dewey Decimal Classification
Koha item type Open Shelf
Holdings
Withdrawn status Lost status Source of classification or shelving scheme Damaged status Not for loan Home library Current library Date acquired Inventory number Total Checkouts Full call number Barcode Date last seen Price effective from Koha item type Source of acquisition
    Dewey Decimal Classification     MUST Main Library MUST Main Library 09/02/2021 03/19991   363.7DIL 1998 2021-0028 09/02/2021 09/02/2021 Open Shelf  
    Dewey Decimal Classification     MUST Main Library MUST Main Library 27/06/2024 03/19990   363.7DIL 1998 2024-21559 27/06/2024 27/06/2024 Open Shelf Purchase
    Other/Generic Classification Scheme     MUST Main Library MUST Main Library 27/06/2024 03/19989   363.7DIL 1998 2024-21562 27/06/2024 27/06/2024 Open Shelf Purchase
    Dewey Decimal Classification     MUST Main Library MUST Main Library 27/06/2024 09/19988   363.7DIL 1998 2024-21564 27/06/2024 27/06/2024 Open Shelf Purchase